| 000 -CABECERA |
| campo de control de longitud fija |
01998nam a2200325 a 4500 |
| 001 - NÚMERO DE CONTROL |
| campo de control |
1361318 |
| 003 - IDENTIFICADOR DEL NÚMERO DE CONTROL |
| campo de control |
OSt |
| 005 - FECHA Y HORA DE LA ÚLTIMA TRANSACCIÓN |
| campo de control |
20230105100432.0 |
| 008 - DATOS DE LONGITUD FIJA--INFORMACIÓN GENERAL |
| campo de control de longitud fija |
121210s2011 mx gr 000 0dspa d |
| 020 ## - NÚMERO INTERNACIONAL ESTÁNDAR DEL LIBRO |
| ISBN cancelado o inválido |
9789585496804 |
| 040 ## - FUENTE DE LA CATALOGACIÓN |
| Centro catalogador/agencia de origen |
CO-BoBLA |
| Lengua de catalogación |
spa |
| Centro/agencia transcriptor |
CO-MqBPB |
| 041 0# - CÓDIGO DE LENGUA |
| Código de lengua del texto/banda sonora o título independiente |
spa |
| 043 ## - CÓDIGO DE ÁREA GEOGRÁFICA |
| Código de área geográfica |
s-ck--- |
| 082 04 - NÚMERO DE LA CLASIFICACIÓN DECIMAL DEWEY |
| Número de clasificación |
JC |
| Número de documento/Ítem |
FERb |
| 100 1# - ENTRADA PRINCIPAL--NOMBRE DE PERSONA |
| Nombre de persona |
Ferreira, Daniel, |
| Fechas asociadas al nombre |
1981- |
| 240 10 - TÍTULO UNIFORME |
| Título uniforme |
Bogotá-Bibliografía regional |
| 245 13 - MENCIÓN DE TÍTULO |
| Título |
La balada de los bandoleros baladíes / |
| Mención de responsabilidad, etc. |
Daniel Ferreira. |
| 260 ## - PUBLICACIÓN, DISTRIBUCIÓN, ETC. |
| Lugar de publicación, distribución, etc. |
Bogota : |
| Nombre del editor, distribuidor, etc. |
Pengun Random House, |
| Fecha de publicación, distribución, etc. |
2019. |
| 300 ## - DESCRIPCIÓN FÍSICA |
| Extensión |
189 p. ; |
| Dimensiones |
24 cm. |
| 490 0# - MENCIÓN DE SERIE |
| Mención de serie |
Narrativa Hispánica |
| 500 ## - NOTA GENERAL |
| Nota general |
n esta novela, la primera de Pentalogía de Colombia, Daniel<br/><br/>Ferreira indaga en los orígenes de la violencia a través de cuatro personajes rodeados de muerte y devastación: dos amigos mercenarios, Escipión y Malaver, sueñan con combatir en Irak mientras frecuentan las matanzas de los años noventa y se consagran al comercio con secuestrados; un joven con limitaciones físicas que ha perdido a su madre y sufre humillaciones por parte de su padre prepara la venganza, y una costurera de pueblo, madre de un discapacitado, debe encerrarlo y cuidarlo a lo largo de la vida.<br/><br/>Sus voces se intercalan en una sobrecogedora narración en la que el tiempo va y vuelve y los escenarios se repiten como en las pesadillas para reconstruir un entorno de atropellos y de infamia que hace imposible juzgar quiénes son las víctimas y quiénes los culpables.<br/><br/>«La balada de los bandoleros baladíes se lee casi sin aliento, con una especie de encanto por el horror. [#] Estremecedora, resulta ser un espejo de lo que ha sucedido en Colombia, está sucediendo en México y puede suceder en el mundo». |
| 650 #4 - PUNTO DE ACCESO ADICIONAL DE MATERIA--TÉRMINO DE MATERIA |
| Término de materia o nombre geográfico como elemento de entrada |
Cuentos colombianos. |
| 650 ## - PUNTO DE ACCESO ADICIONAL DE MATERIA--TÉRMINO DE MATERIA |
| Término de materia o nombre geográfico como elemento de entrada |
Familia |
| Subdivisión de forma |
Cuentos. |
| 650 #4 - PUNTO DE ACCESO ADICIONAL DE MATERIA--TÉRMINO DE MATERIA |
| Término de materia o nombre geográfico como elemento de entrada |
M�quinas y equipos |
| Subdivisión de forma |
Cuentos. |
| 650 #4 - PUNTO DE ACCESO ADICIONAL DE MATERIA--TÉRMINO DE MATERIA |
| Término de materia o nombre geográfico como elemento de entrada |
Noche |
| Subdivisión de forma |
Cuentos. |
| 650 ## - PUNTO DE ACCESO ADICIONAL DE MATERIA--TÉRMINO DE MATERIA |
| Término de materia o nombre geográfico como elemento de entrada |
Dolor |
| Subdivisión de forma |
Cuentos. |
| 650 #4 - PUNTO DE ACCESO ADICIONAL DE MATERIA--TÉRMINO DE MATERIA |
| Término de materia o nombre geográfico como elemento de entrada |
Tesoros |
| Subdivisión de forma |
Cuentos. |
| 942 ## - ELEMENTOS DE PUNTO DE ACCESO ADICIONAL (KOHA) |
| Fuente del sistema de clasificación o colocación |
|
| Tipo de ítem Koha |
Libro Literatura |
| 949 ## - PROCESAMIENTO DE INFORMACIÓN LOCAL (OCLC) |
| a |
c |
| b |
n |